La segunda muerte de Ramón Mercader: novela
Salvato in:
| Autore principale: | |
|---|---|
| Natura: | Libro |
| Lingua: | spagnolo |
| Pubblicazione: |
Barcelona
Planeta
1978
|
| Serie: | Narrativa, 2
|
| Soggetti: | |
| Tags: |
Aggiungi Tag
Nessun Tag, puoi essere il primo ad aggiungerne!!
|
MARC
| LEADER | 00000nam a2200000 a 4500 | ||
|---|---|---|---|
| 001 | UCQ9886 | ||
| 003 | CL-VaPUC | ||
| 008 | 990127e19780000SP |||||||||||||||||spa|d | ||
| 082 | 0 | 4 | |a 863 |b SEM |2 21 |
| 100 | 0 | |a Semprún, Jorge |e author |9 424589 | |
| 245 | 1 | 3 | |a La segunda muerte de Ramón Mercader: novela |
| 300 | |a 362 p | ||
| 942 | |c BK | ||
| 945 | |d 19990127 00:00:00 |a cmena | ||
| 260 | |a Barcelona |b Planeta |c 1978 | ||
| 650 | 0 | |a Novelas españolas |9 265052 | |
| 650 | 0 | |a Literatura española |9 306261 | |
| 583 | |a last modification |c 19990127 00:00:00 |k Rodrigo Vera | ||
| 490 | 0 | |a Narrativa, 2 | |
| 999 | |c 278786 |d 278784 | ||
| 952 | |0 0 |1 0 |4 0 |6 863_000000000000000_SEM_1978 |7 0 |8 A |9 317553 |a FDOPOS |b FDOPOS |d 2019-11-20 |i 1321005 |o 863 SEM 1978 |p 1321005 |r 2025-01-22 |w 2019-11-20 |y BK |k MLH | ||